Enseñar y aprender sin estrés: técnicas de dinámicas de grupo y sus implicancias psicológico-educativas (Registro nro. 5136)

Detalles MARC
000 -Cabecera
Campo de control de longitud fija 00781nam a22002657a 4500
005 - Fecha y hora de la última transacción
Campo de control 20260422145553.0
008 - Elementos de longitud fija--Información general
Campo de control de longitud fija 150505b2014 xxu||||| |||| 00| 0 spa d
020 ## - International Standard Book Number
Número Internacional Estándar del Libro (ISBN) 9789875912854
041 ## - Idioma
Código de idioma Español
082 ## - Clasificación Decimal Dewey
Número de clasificación 370.15 B268e
100 ## - Entrada principal--Autor personal
Nombre personal Barrale, María Susana
9 (RLIN) 9366
100 ## - Entrada principal--Autor personal
Nombre personal Díaz Salguero, María Cristina
9 (RLIN) 9367
245 ## - Título propiamente dicho
Título Enseñar y aprender sin estrés: técnicas de dinámicas de grupo y sus implicancias psicológico-educativas
260 ## - Pie de imprenta
Lugar de publicación, distribución, etc. Argentina
260 ## - Pie de imprenta
Nombre del editor, distribuidor, etc. Editorial Brujas
260 ## - Pie de imprenta
Fecha de publicación, distribución, etc. 2014
300 ## - Descripción física
Extensión 126 páginas
490 ## - Serie
Título de la Serie Temática General
505 ## - Nota de contenido
Nota de contenido Incluye disco compacto N°454
650 ## - Materia general
Temática (materia general) PSICOLOGÍA EDUCATIVA
650 ## - Materia general
Temática (materia general) DINÁMICAS DE GRUPOS
650 ## - Materia general
Temática (materia general) ENSEÑANZA
650 ## - Materia general
Temática (materia general) APRENDIZAJE
942 ## - Punto de acceso adicional KOHA
Tipo de ítem KOHA Libro
Fuente del sistema de clasificación o colocación Dewey Decimal Classification
Existencias
Signatura completa Código de barras Programa Académico Tipo de ítem
370.15 B268e 19445 Temática General Libro
370.15 B268e 454DC Temática General Disco Compacto